ბათუმის შოთა რუსთაველის სახელმწიფო უნივერსიტეტის ბიბლიოთეკა

ბიოორგანულ რეაქციათა მექანიზმები : (ბიბ.ჩანაწერი № 36170)

000 -ლიდერი
ფიქსირებული სიგრძის საკონტროლო ველი 01440nam a2200277Ia 4500
001 - საკონტროლო ნომერი
საკონტროლო ველი 2072
003 - საკონტროლო ნომრის იდენტიფიკატორი
საკონტროლო ველი GE_BSU
005 - ბოლო ოპერაციის თარიღი და დრო
საკონტროლო ველი 20190513213246.0
008 - ფიქსირებული სიგრძის მონაცემთა ელემენტები - ზოგადი ინფორმაცია
ფიქსირებული სიგრძის საკონტროლო ველი 181216s2006||||ge |||||||||||||| ||geo||
020 ## - წიგნის საერთაშორისო სტანდარტული ნომერი
International Standard Book Number 9994033383
040 ## - კატალოგიზაციის წყარო
Transcribing agency GE_BSU
041 ## - ენის კოდი
Language code of text/sound track or separate title geo
080 ## - უნივერსალური ათობითი კლასიფიკაციის ინდექსი
Universal Decimal Classification number 547(075.8) გ–26
100 ## - მთავარი ჩანაწერი - პიროვნების სახელი
Personal name გახოკიძე, რ.
9 (RLIN) 1095
245 ## - ცნობა სათაურის შესახებ
Title ბიოორგანულ რეაქციათა მექანიზმები :
Remainder of title სახელმძღვანელო /
Statement of responsibility, etc რ. გახოკიძე, მ.გვერდწითელი, ა. გახოკიძე,
245 ## - ცნობა სათაურის შესახებ
Remainder of title სახელმძღვანელო საბუნებისმეტყველო და მედიცინის ფაკ–ტეტების სტუდენტთათვის
264 ## - წარმოების, გამოცემის, დისტრიბუციის და სხვა ცნობები
გამოცემის, წარმოების, დისტრიბუციის... ადგილი თბილისი,
გამოცემის, წარმოების, დისტრიბუციის... სახელწოდება თბილისის უნივერსიტეტის გამომცემლობა,
გამოცემის, წარმოების, დისტრიბუციის... თარიღი 2006.
300 ## - ფიზიკური აღწერა
Extent 137გვ.
Other physical details 19 სმ.
504 ## - BIBLIOGRAPHY, ETC. NOTE
Bibliography, etc ბიბლიოგრაფია 135გვ.
653 ## - INDEX TERM--UNCONTROLLED
Uncontrolled term ქიმია
653 ## - INDEX TERM--UNCONTROLLED
Uncontrolled term ბიოორგანული რეაქციები
700 ## - ADDED ENTRY--PERSONAL NAME
Personal name გვერდწითელი, მ.
Relator term ავტორი
9 (RLIN) 1093
700 ## - ADDED ENTRY--PERSONAL NAME
Personal name გახოკიძე, ა.
Relator term ავტორი
9 (RLIN) 1096
700 ## - ADDED ENTRY--PERSONAL NAME
Personal name კვესიტაძე,გ.
Relator term რედაქტორი
9 (RLIN) 1097
942 ## - ADDED ENTRY ELEMENTS (KOHA)
Koha item type წიგნი
Source of classification or shelving scheme
ეგზემპლარები
ჩამოწერის სტატუსი დაკარგული ეგზემპლარის სტატუსი კლასიფიკაციის წყარო ან თაროზე გაწყობის სქემა დაზიანების სტატუსი არ გაიცემა მუდმივი მდებარეობა (დაცვის ადგილი) ამჟამინდელი ადგილსამყოფელი თაროზე განთავსების ადგილი შეძენის თარიღი ღირებულება, შესყიდვის ნორმალური ფასი სრული შენახვის შიფრი შტრიხკოდი ბოლო ოპერაციის თარიღი ეგზემპლარის მიმდევრობითი ნომერი (კეტერი?) ფასის ძალაში შესვლის თარიღი ეგზემპლარის სახეობა საჯარო შენიშვნა
          ბათუმის შოთა რუსთაველის სახელმწიფო უნივერსიტეტის მთავარი ბიბლიოთეკა ბათუმის შოთა რუსთაველის სახელმწიფო უნივერსიტეტის მთავარი ბიბლიოთეკა წიგნსაცავი 2018-12-17 5.00 547(075.8) გ–26 4204 2018-12-17 4204 2018-12-17 წიგნი 5 ლ.